Finančné nástroje podľa IAS/IFRS s príkladmi

Finančné nástroje upravené podľa štandardov IAS 32 a IAS 39. Fair value - reálna hodnota. Klasifikácia finančných aktív. Podiely v dcérskych, pridružených a spoločných podnikoch. Zníženie hodnoty finančných aktív. Finančné záväzky. Deriváty. Zabezpečovanie. Ekonomická podstata zabezpečovania. Zabezp...

Descrizione completa

Salvato in:
Dettagli Bibliografici
Autore principale: Černý, Michal R.
Altri autori: Džupinková, Michaela
Natura: Capitolo di libro
Lingua:slovacco
Soggetti:
Tags: Aggiungi Tag
Nessun Tag, puoi essere il primo ad aggiungerne!!

MARC

LEADER 00000naa$a2200000$$$4500
001 0031861
005 20231106092210.6
041 0 |a slo 
044 |a SK 
245 1 0 |a Finančné nástroje podľa IAS/IFRS s príkladmi  |c Michal R. Černý, Michaela Džupinková 
520 |a Finančné nástroje upravené podľa štandardov IAS 32 a IAS 39. Fair value - reálna hodnota. Klasifikácia finančných aktív. Podiely v dcérskych, pridružených a spoločných podnikoch. Zníženie hodnoty finančných aktív. Finančné záväzky. Deriváty. Zabezpečovanie. Ekonomická podstata zabezpečovania. Zabezpečovacie účtovníctvo. Zabezpečované nástroje. Pravidlá zabezpečovacieho účtovníctva. Zabezpečenie fair value. Zabezpečenie cash flow. Opis účtovných politík. Príklady. 
610 2 0 |a nástroje finančné 
610 2 0 |a štandardy účtovné medzinárodné 
610 2 0 |a hodnota reálna 
610 2 0 |a aktíva 
610 2 0 |a výkazy účtovné 
610 2 0 |a podnik dcérsky 
610 2 0 |a podnik pridružený 
610 2 0 |a podnik spoločný 
610 2 0 |a záväzky 
610 2 0 |a deriváty 
610 2 0 |a hedging 
610 2 0 |a účtovníctvo 
610 2 0 |a cash flow 
610 2 0 |a zabezpečenie záväzkov 
610 2 0 |a účtovanie 
610 2 0 |a IAS 32 
610 2 0 |a IAS 39 
100 1 |a Černý, Michal R. 
700 1 |a Džupinková, Michaela